[Event "DEM U10 2023"]
[Site "Willingen GER"]
[Date "2023.06.01"]
[Round "8"]
[White "Zargaran, Sepas"]
[Black "Hoppe, Arthur"]
[Result "1/2-1/2"]
[Termination "normal"]
[Board "11"]
[WhiteElo "1540"]
[BlackElo "1430"]
[WhiteClock "00:06:21"]
[BlackClock "00:20:25"]
[PlyCount "102"]
[WhiteFideId "34625275"]
[BlackFideId "34618910"]
[EventCountry "GER"]
[EventRounds "11"]
[EventType "swiss"]
[EventDate "2023.05.27"]

1. e4 {[%clk 01:15:56]} e6 {[%clk 01:15:57]} {[%emt 00:00:04]} 2. d4 {[%clk
01:16:07]} {[%emt 00:00:18]} d5 {[%clk 01:16:24]} {[%emt 00:00:05]} 3. Nc3
{[%clk 01:15:27]} {[%emt 00:01:07]} Nf6 {[%clk 01:16:48]} {[%emt 00:00:08]} 4.
e5 {[%clk 01:12:39]} {[%emt 00:03:16]} Nfd7 {[%clk 01:14:32]} {[%emt 00:02:48]}
5. f4 {[%clk 01:10:28]} {[%emt 00:02:39]} c5 {[%clk 01:12:57]} {[%emt
00:02:07]} 6. Be3 {[%clk 01:09:10]} {[%emt 00:01:43]} cxd4 {[%clk 01:13:04]}
{[%emt 00:00:28]} 7. Bxd4 {[%clk 01:08:35]} {[%emt 00:01:04]} Nc6 {[%clk
01:13:21]} {[%emt 00:00:14]} 8. Nf3 {[%clk 01:07:21]} {[%emt 00:01:42]} Nxd4
{[%clk 01:13:19]} {[%emt 00:00:34]} 9. Nxd4 {[%clk 01:07:06]} {[%emt 00:00:41]}
Qb6 {[%clk 01:12:46]} {[%emt 00:01:06]} 10. Na4 {[%clk 00:57:39]} {[%emt
00:09:58]} Qa5+ {[%clk 01:12:14]} {[%emt 00:01:02]} 11. c3 {[%clk 00:56:49]}
{[%emt 00:01:20]} a6 {[%clk 01:10:38]} {[%emt 00:02:07]} 12. b4 {[%clk
00:56:25]} {[%emt 00:00:53]} Qc7 {[%clk 01:10:53]} {[%emt 00:00:15]} 13. Rc1
{[%clk 00:55:49]} {[%emt 00:01:06]} b5 {[%clk 01:11:09]} {[%emt 00:00:15]} 14.
Nb2 {[%clk 00:55:51]} {[%emt 00:00:28]} Nb6 {[%clk 01:10:03]} {[%emt 00:01:35]}
15. Be2 {[%clk 00:54:38]} {[%emt 00:01:36]} Be7 {[%clk 01:09:01]} {[%emt
00:01:39]} 16. O-O {[%clk 00:54:24]} {[%emt 00:00:44]} Bd7 {[%clk 01:05:09]}
{[%emt 00:04:23]} 17. Qd2 {[%clk 00:49:21]} {[%emt 00:05:32]} O-O {[%clk
00:56:12]} {[%emt 00:09:26]} 18. Kh1 {[%clk 00:44:47]} {[%emt 00:05:04]} f6
{[%clk 00:52:55]} {[%emt 00:03:48]} 19. Qe3 {[%clk 00:43:18]} {[%emt 00:01:58]}
fxe5 {[%emt 00:05:07]} 20. fxe5 {[%clk 00:41:08]} {[%emt 00:00:38]} h6 {[%clk
00:46:00]} {[%emt 00:04:50]} 21. Qg3 {[%clk 00:34:15]} {[%emt 00:07:08]} Bg5
{[%clk 00:45:31]} {[%emt 00:01:14]} 22. Rcd1 {[%clk 00:25:29]} {[%emt
00:09:03]} Rxf1+ {[%emt 00:10:44]} 23. Bxf1 {[%clk 00:23:51]} {[%emt 00:00:12]}
Rf8 {[%clk 00:33:13]} {[%emt 00:04:44]} 24. Bd3 {[%clk 00:16:29]} {[%emt
00:07:51]} Qd8 {[%clk 00:29:53]} {[%emt 00:03:51]} 25. Nf3 {[%clk 00:14:21]}
{[%emt 00:02:35]} Be8 {[%clk 00:27:59]} {[%emt 00:02:27]} 26. Nxg5 {[%clk
00:13:42]} {[%emt 00:01:09]} Qxg5 {[%clk 00:28:25]} {[%emt 00:00:04]} 27. Qxg5
{[%clk 00:13:57]} {[%emt 00:00:16]} hxg5 {[%clk 00:28:50]} {[%emt 00:00:04]}
28. Rf1 {[%clk 00:14:03]} {[%emt 00:00:22]} Rxf1+ {[%clk 00:27:54]} {[%emt
00:01:27]} 29. Bxf1 {[%clk 00:14:03]} {[%emt 00:00:30]} Bg6 {[%clk 00:28:11]}
{[%emt 00:00:15]} 30. Bd3 {[%clk 00:14:05]} {[%emt 00:00:27]} Bxd3 {[%clk
00:28:17]} {[%emt 00:00:24]} 31. Nxd3 {[%clk 00:14:21]} {[%emt 00:00:13]} Na4
{[%clk 00:27:39]} {[%emt 00:01:09]} 32. Nc5 {[%clk 00:10:05]} {[%emt 00:04:46]}
Nxc5 {[%clk 00:27:30]} {[%emt 00:00:39]} 33. bxc5 {[%clk 00:10:24]} {[%emt
00:00:12]} Kf8 {[%clk 00:27:43]} {[%emt 00:00:17]} 34. Kg1 {[%clk 00:10:46]}
{[%emt 00:00:07]} Ke8 {[%clk 00:28:09]} {[%emt 00:00:04]} 35. Kf2 {[%clk
00:11:35]} {[%emt 00:00:13]} Kd7 {[%clk 00:29:05]} {[%emt 00:00:03]} 36. Ke3
{[%clk 00:11:44]} {[%emt 00:00:20]} Kc6 {[%clk 00:29:31]} {[%emt 00:00:04]} 37.
Kd4 {[%clk 00:11:17]} {[%emt 00:00:57]} g4 {[%clk 00:29:54]} {[%emt 00:00:07]}
38. h4 {[%clk 00:10:37]} {[%emt 00:01:10]} gxh3 {[%clk 00:28:55]} {[%emt
00:01:29]} 39. gxh3 {[%clk 00:10:48]} {[%emt 00:00:19]} g6 {[%clk 00:28:44]}
{[%emt 00:00:41]} 40. h4 {[%clk 00:11:00]} {[%emt 00:00:18]} a5 {[%clk
00:29:11]} {[%emt 00:00:03]} 41. a3 {[%clk 00:09:28]} {[%emt 00:02:02]} a4
{[%clk 00:29:31]} {[%emt 00:00:10]} 42. Ke3 {[%clk 00:09:40]} {[%emt 00:00:18]}
Kxc5 {[%clk 00:29:59]} {[%emt 00:00:02]} 43. Kd3 {[%clk 00:09:40]} {[%emt
00:00:29]} Kc6 {[%clk 00:24:43]} {[%emt 00:05:47]} 44. Kd4 {[%clk 00:09:08]}
{[%emt 00:01:01]} Kb6 {[%emt 00:00:04]} 45. Ke3 {[%clk 00:09:15]} {[%emt
00:00:19]} Kc5 {[%clk 00:25:36]} {[%emt 00:00:08]} 46. Kd3 {[%clk 00:09:28]}
{[%emt 00:00:17]} d4 {[%clk 00:18:46]} {[%emt 00:07:20]} 47. cxd4+ {[%clk
00:09:03]} {[%emt 00:00:54]} Kd5 {[%clk 00:18:47]} {[%emt 00:00:30]} 48. Kc3
{[%clk 00:06:21]} {[%emt 00:03:13]} Ke4 {[%clk 00:19:08]} {[%emt 00:00:08]} 49.
Kb4 {[%clk 00:06:32]} {[%emt 00:00:19]} Kxd4 {[%clk 00:19:34]} {[%emt
00:00:03]} 50. Kxb5 {[%clk 00:06:31]} {[%emt 00:00:31]} Kxe5 {[%clk 00:20:00]}
{[%emt 00:00:05]} 51. Kxa4 {[%clk 00:06:21]} {[%emt 00:00:40]} Kd4 {[%clk
00:20:25]} {[%emt 00:00:04]} 1/2-1/2

[Event "DEM U10 2023"]
[Site "Willingen GER"]
[Date "2023.06.01"]
[Round "8"]
[White "Becker, Linus"]
[Black "Hagn, Tobias"]
[Result "1/2-1/2"]
[Termination "normal"]
[Board "12"]
[WhiteElo "1445"]
[BlackElo "1609"]
[WhiteClock "00:14:55"]
[BlackClock "00:02:35"]
[PlyCount "83"]
[WhiteFideId "34614958"]
[BlackFideId "34623728"]
[EventCountry "GER"]
[EventRounds "11"]
[EventType "swiss"]
[EventDate "2023.05.27"]

1. d4 {[%clk 01:15:59]} {[%emt 06:13:48]} d5 {[%clk 01:15:46]} {[%emt
00:00:14]} 2. c4 {[%clk 01:16:23]} {[%emt 00:00:05]} c6 {[%clk 01:15:59]}
{[%emt 00:00:17]} 3. e3 {[%clk 01:16:42]} {[%emt 00:00:11]} Nf6 {[%clk
01:16:05]} {[%emt 00:00:24]} 4. Nf3 {[%clk 01:16:59]} {[%emt 00:00:13]} e6
{[%clk 01:14:55]} {[%emt 00:01:41]} 5. Nbd2 {[%clk 01:17:07]} {[%emt 00:00:22]}
Bd6 {[%clk 01:14:15]} {[%emt 00:01:09]} 6. Bd3 {[%clk 01:16:44]} {[%emt
00:00:53]} O-O {[%clk 01:00:59]} {[%emt 00:13:46]} 7. O-O {[%clk 01:17:00]}
{[%emt 00:00:14]} Nbd7 {[%clk 00:57:05]} {[%emt 00:04:24]} 8. e4 {[%clk
01:16:31]} {[%emt 00:01:00]} e5 {[%clk 00:51:16]} {[%emt 00:06:18]} 9. Re1
{[%clk 01:12:30]} {[%emt 00:04:32]} exd4 {[%clk 00:43:12]} {[%emt 00:08:34]}
10. e5 {[%clk 01:10:44]} {[%emt 00:02:16]} Bb8 {[%clk 00:28:10]} {[%emt
00:15:32]} 11. exf6 {[%clk 01:10:40]} {[%emt 00:00:34]} Nxf6 {[%clk 00:28:15]}
{[%emt 00:00:24]} 12. cxd5 {[%clk 01:05:50]} {[%emt 00:05:20]} Nxd5 {[%clk
00:27:19]} {[%emt 00:01:27]} 13. Nb3 {[%clk 01:04:30]} {[%emt 00:01:49]} Qd6
{[%clk 00:19:28]} {[%emt 00:08:22]} 14. h3 {[%clk 00:54:39]} {[%emt 00:10:20]}
c5 {[%clk 00:16:29]} {[%emt 00:03:30]} 15. Be4 {[%clk 00:46:30]} {[%emt
00:08:39]} Nf6 {[%clk 00:14:08]} {[%emt 00:02:51]} 16. Bg5 {[%clk 00:41:19]}
{[%emt 00:05:39]} Nxe4 {[%clk 00:13:19]} {[%emt 00:01:21]} 17. Rxe4 {[%clk
00:39:59]} {[%emt 00:01:49]} Qg6 {[%clk 00:12:39]} {[%emt 00:01:10]} 18. Re1
{[%clk 00:33:29]} {[%emt 00:07:00]} h6 {[%clk 00:11:38]} {[%emt 00:01:32]} 19.
Bh4 {[%clk 00:32:37]} {[%emt 00:01:21]} Bxh3 {[%clk 00:11:50]} {[%emt
00:00:18]} 20. Bg3 {[%clk 00:32:36]} {[%emt 00:00:31]} Bxg3 {[%clk 00:12:02]}
{[%emt 00:00:18]} 21. fxg3 {[%clk 00:32:54]} {[%emt 00:00:12]} Qxg3 {[%clk
00:12:06]} {[%emt 00:00:25]} 22. Qe2 {[%clk 00:32:30]} {[%emt 00:00:54]} b6
{[%clk 00:10:21]} {[%emt 00:02:17]} 23. Qf2 {[%clk 00:32:33]} {[%emt 00:00:26]}
Qxf2+ {[%clk 00:10:18]} {[%emt 00:00:33]} 24. Kxf2 {[%clk 00:32:50]} {[%emt
00:00:14]} Be6 {[%clk 00:10:03]} {[%emt 00:00:44]} 25. Re5 {[%clk 00:26:53]}
{[%emt 00:06:28]} Rfe8 {[%clk 00:09:10]} {[%emt 00:01:23]} 26. Rae1 {[%clk
00:27:04]} {[%emt 00:00:18]} Kf8 {[%clk 00:08:54]} {[%emt 00:00:47]} 27. Nc1
{[%clk 00:26:17]} {[%emt 00:01:17]} Bc4 {[%clk 00:07:49]} {[%emt 00:01:34]} 28.
Rxe8+ {[%clk 00:24:45]} {[%emt 00:02:02]} Rxe8 {[%clk 00:08:12]} {[%emt
00:00:07]} 29. Rxe8+ {[%clk 00:25:14]} {[%emt 00:00:02]} Kxe8 {[%clk 00:08:32]}
{[%emt 00:00:09]} 30. b3 {[%clk 00:25:24]} {[%emt 00:00:20]} Bb5 {[%clk
00:08:30]} {[%emt 00:00:32]} 31. a4 {[%clk 00:25:14]} {[%emt 00:00:41]} Bc6
{[%clk 00:08:50]} {[%emt 00:00:10]} 32. Ne5 {[%clk 00:24:47]} {[%emt 00:00:57]}
Bd5 {[%clk 00:08:54]} {[%emt 00:00:25]} 33. Nc4 {[%clk 00:22:59]} {[%emt
00:02:18]} Kd7 {[%clk 00:08:03]} {[%emt 00:01:20]} 34. Nd3 {[%clk 00:21:12]}
{[%emt 00:02:18]} g5 {[%clk 00:07:55]} {[%emt 00:00:37]} 35. g4 {[%clk
00:20:26]} {[%emt 00:01:17]} f6 {[%clk 00:08:08]} {[%emt 00:00:16]} 36. Kg3
{[%clk 00:20:12]} {[%emt 00:00:44]} Kc6 {[%clk 00:07:37]} {[%emt 00:01:02]} 37.
Kf2 {[%clk 00:18:17]} {[%emt 00:02:25]} b5 {[%clk 00:07:12]} {[%emt 00:00:56]}
38. axb5+ {[%clk 00:18:43]} {[%emt 00:00:03]} Kxb5 {[%clk 00:07:24]} {[%emt
00:00:18]} 39. Na3+ {[%clk 00:19:08]} {[%emt 00:00:06]} Kc6 {[%clk 00:06:15]}
{[%emt 00:01:36]} 40. Nc4 {[%clk 00:19:10]} {[%emt 00:00:30]} Be4 {[%clk
00:05:41]} {[%emt 00:01:03]} 41. Nc1 {[%clk 00:19:19]} {[%emt 00:00:22]} f5
{[%clk 00:02:35]} {[%emt 00:03:36]} 42. gxf5 {[%clk 00:14:55]} {[%emt
00:04:55]} 1/2-1/2

[Event "DEM U10 2023"]
[Site "Willingen GER"]
[Date "2023.06.01"]
[Round "8"]
[White "Brückner, Julian"]
[Black "Shivkumar, Shreyas"]
[Result "1/2-1/2"]
[Termination "normal"]
[Board "13"]
[WhiteElo "1681"]
[BlackElo "1394"]
[WhiteClock "00:01:57"]
[BlackClock "00:44:44"]
[PlyCount "97"]
[WhiteFideId "34630031"]
[BlackFideId "34638407"]
[EventCountry "GER"]
[EventRounds "11"]
[EventType "swiss"]
[EventDate "2023.05.27"]

1. e4 {[%clk 01:15:57]} {[%emt 00:00:03]} c6 {[%clk 01:15:53]} {[%emt
00:00:07]} 2. d4 {[%clk 01:16:20]} {[%emt 00:00:07]} d5 {[%clk 01:16:18]}
{[%emt 00:00:05]} 3. Nd2 {[%clk 01:16:35]} {[%emt 00:00:14]} dxe4 {[%clk
01:16:32]} {[%emt 00:00:17]} 4. Nxe4 {[%clk 01:16:55]} {[%emt 00:00:10]} Nf6
{[%clk 01:16:37]} {[%emt 00:00:25]} 5. Nxf6+ {[%clk 01:16:30]} {[%emt
00:00:55]} exf6 {[%clk 01:16:35]} {[%emt 00:00:32]} 6. Be3 {[%clk 01:16:10]}
{[%emt 00:00:50]} Bd6 {[%clk 01:16:26]} {[%emt 00:00:37]} 7. Bd3 {[%clk
01:15:55]} {[%emt 00:00:47]} O-O {[%clk 01:16:15]} {[%emt 00:00:42]} 8. Ne2
{[%clk 01:15:29]} {[%emt 00:00:54]} Re8 {[%clk 01:15:59]} {[%emt 00:00:47]} 9.
O-O {[%clk 01:14:40]} {[%emt 00:01:18]} Qc7 {[%clk 01:16:02]} {[%emt 00:00:28]}
10. h3 {[%clk 01:14:04]} {[%emt 00:01:06]} f5 {[%clk 01:15:04]} {[%emt
00:01:27]} 11. Qd2 {[%clk 01:11:20]} {[%emt 00:03:15]} c5 {[%clk 01:13:35]}
{[%emt 00:01:59]} 12. dxc5 {[%clk 01:10:21]} {[%emt 00:01:30]} Bxc5 {[%clk
01:13:46]} {[%emt 00:00:19]} 13. Nc3 {[%clk 01:06:31]} {[%emt 00:04:20]} Rxe3
{[%clk 01:05:05]} {[%emt 00:09:10]} 14. fxe3 {[%clk 01:06:20]} {[%emt
00:00:41]} f4 {[%clk 01:04:57]} {[%emt 00:00:38]} 15. Nd5 {[%clk 01:00:08]}
{[%emt 00:06:42]} Qe5 {[%clk 01:04:39]} {[%emt 00:00:41]} 16. Rxf4 {[%clk
00:59:48]} Be6 {[%clk 01:03:40]} {[%emt 00:02:27]} 17. Rd4 {[%clk 00:37:02]}
{[%emt 00:23:15]} Bxd4 {[%clk 00:55:26]} {[%emt 00:08:44]} 18. exd4 {[%clk
00:25:36]} {[%emt 00:11:56]} Qxd5 {[%clk 00:55:09]} {[%emt 00:00:47]} 19. Qe3
{[%clk 00:23:47]} {[%emt 00:02:19]} Nc6 {[%clk 00:54:48]} {[%emt 00:00:50]} 20.
c3 {[%clk 00:23:41]} {[%emt 00:00:37]} h6 {[%clk 00:53:01]} {[%emt 00:02:17]}
21. Be4 {[%clk 00:23:51]} {[%emt 00:00:17]} Qg5 {[%emt 00:00:19]} 22. Qxg5
{[%clk 00:23:42]} {[%emt 00:00:36]} hxg5 {[%clk 00:52:53]} {[%emt 00:00:56]}
23. d5 {[%clk 00:24:05]} {[%emt 00:00:08]} Bxd5 {[%clk 00:52:37]} {[%emt
00:00:46]} 24. Bxd5 {[%clk 00:23:41]} {[%emt 00:00:53]} Rd8 {[%clk 00:52:55]}
{[%emt 00:00:11]} 25. Rd1 {[%clk 00:23:08]} {[%emt 00:01:03]} Kf8 {[%clk
00:52:35]} {[%emt 00:00:52]} 26. Bf3 {[%clk 00:22:25]} {[%emt 00:01:11]} Rxd1+
{[%clk 00:52:51]} {[%emt 00:00:16]} 27. Bxd1 {[%clk 00:22:47]} {[%emt
00:00:08]} Ke7 {[%clk 00:53:06]} {[%emt 00:00:15]} 28. Kf2 {[%clk 00:22:51]}
{[%emt 00:00:24]} Ne5 {[%clk 00:53:09]} {[%emt 00:00:28]} 29. Bf3 {[%clk
00:20:33]} {[%emt 00:02:47]} b6 {[%clk 00:51:51]} {[%emt 00:01:51]} 30. Be4
{[%clk 00:20:02]} {[%emt 00:01:00]} Ke6 {[%clk 00:51:51]} {[%emt 00:00:30]} 31.
b3 {[%clk 00:17:07]} {[%emt 00:03:24]} f5 {[%clk 00:51:38]} {[%emt 00:00:44]}
32. Bc2 {[%clk 00:16:04]} {[%emt 00:01:32]} g6 {[%clk 00:51:30]} {[%emt
00:00:38]} 33. Ke3 {[%clk 00:15:26]} {[%emt 00:01:07]} Kd5 {[%clk 00:51:12]}
{[%emt 00:00:48]} 34. g3 {[%clk 00:14:29]} {[%emt 00:01:28]} Kc5 {[%clk
00:49:29]} {[%emt 00:02:14]} 35. Bd1 {[%clk 00:10:41]} {[%emt 00:04:16]} b5
{[%clk 00:48:16]} {[%emt 00:01:45]} 36. a3 {[%clk 00:10:05]} {[%emt 00:01:07]}
a5 {[%clk 00:48:00]} {[%emt 00:00:46]} 37. Be2 {[%clk 00:08:36]} {[%emt
00:01:58]} Nf7 {[%clk 00:45:25]} {[%emt 00:03:07]} 38. b4+ {[%clk 00:08:00]}
{[%emt 00:01:06]} axb4 {[%clk 00:45:42]} {[%emt 00:00:13]} 39. axb4+ {[%clk
00:08:28]} {[%emt 00:00:01]} Kb6 {[%clk 00:44:42]} {[%emt 00:01:27]} 40. Kd4
{[%clk 00:08:20]} {[%emt 00:00:42]} Kc6 {[%clk 00:44:43]} {[%emt 00:00:29]} 41.
Bf3+ {[%clk 00:07:52]} {[%emt 00:00:56]} Kd6 {[%clk 00:44:45]} {[%emt
00:00:29]} 42. c4 {[%clk 00:07:28]} {[%emt 00:00:53]} bxc4 {[%clk 00:43:38]}
{[%emt 00:01:38]} 43. Be2 {[%clk 00:05:53]} {[%emt 00:02:00]} Ne5 {[%clk
00:43:29]} {[%emt 00:00:44]} 44. Bxc4 {[%clk 00:05:32]} {[%emt 00:00:51]} Nxc4
{[%clk 00:43:49]} {[%emt 00:00:10]} 45. Kxc4 {[%clk 00:05:46]} {[%emt
00:00:16]} Kc6 {[%clk 00:44:10]} {[%emt 00:00:10]} 46. Kd4 {[%clk 00:05:58]}
{[%emt 00:00:18]} Kb5 {[%clk 00:44:22]} {[%emt 00:00:18]} 47. Ke5 {[%clk
00:05:06]} {[%emt 00:01:20]} Kxb4 {[%clk 00:44:30]} {[%emt 00:00:23]} 48. g4
{[%clk 00:02:29]} {[%emt 00:03:07]} f4 {[%clk 00:44:44]} {[%emt 00:00:16]} 49.
Ke4 {[%clk 00:01:57]} {[%emt 00:01:03]} 1/2-1/2

[Event "DEM U10 2023"]
[Site "Willingen GER"]
[Date "2023.06.01"]
[Round "8"]
[White "Moskalenko, Michael"]
[Black "Hamann, Friedrich"]
[Result "0-1"]
[Termination "normal"]
[Board "14"]
[WhiteElo "1243"]
[BlackElo "1404"]
[WhiteClock "00:13:51"]
[BlackClock "00:07:22"]
[PlyCount "116"]
[WhiteFideId "34608877"]
[BlackFideId "34622829"]
[EventCountry "GER"]
[EventRounds "11"]
[EventType "swiss"]
[EventDate "2023.05.27"]

1. d4 {[%clk 01:15:59]} d5 {[%clk 01:15:53]} {[%emt 00:00:08]} 2. c4 {[%clk
01:16:24]} {[%emt 00:00:05]} e6 {[%clk 01:16:17]} {[%emt 00:00:06]} 3. Nf3
{[%clk 01:16:50]} {[%emt 00:00:04]} Nf6 {[%clk 01:16:24]} {[%emt 00:00:22]} 4.
Nc3 {[%clk 01:17:11]} {[%emt 00:00:09]} Bb4 {[%clk 01:16:31]} {[%emt 00:00:23]}
5. Bg5 {[%clk 01:16:26]} {[%emt 00:01:15]} Nbd7 {[%clk 01:16:31]} {[%emt
00:00:29]} 6. e3 {[%clk 01:11:59]} {[%emt 00:04:58]} c5 {[%clk 01:15:30]}
{[%emt 00:01:32]} 7. cxd5 {[%clk 01:11:48]} {[%emt 00:00:41]} exd5 {[%clk
01:15:40]} {[%emt 00:00:20]} 8. a3 {[%clk 01:09:30]} {[%emt 00:02:49]} Bxc3+
{[%clk 01:10:48]} {[%emt 00:05:21]} 9. bxc3 {[%clk 01:09:31]} {[%emt 00:00:29]}
Qa5 {[%clk 01:05:46]} {[%emt 00:05:33]} 10. Qb3 {[%clk 01:05:01]} {[%emt
00:05:00]} c4 {[%clk 00:43:39]} {[%emt 00:22:38]} 11. Qb2 {[%clk 01:03:55]}
{[%emt 00:01:35]} Ne4 {[%clk 00:41:17]} {[%emt 00:02:51]} 12. Rc1 {[%clk
01:03:58]} {[%emt 00:00:28]} f6 {[%clk 00:29:24]} {[%emt 00:12:22]} 13. Bf4
{[%clk 00:59:19]} {[%emt 00:05:09]} g5 {[%clk 00:28:40]} {[%emt 00:01:12]} 14.
Bg3 {[%clk 00:59:37]} {[%emt 00:00:13]} h5 {[%clk 00:28:13]} {[%emt 00:00:57]}
15. h3 {[%clk 00:55:37]} {[%emt 00:04:30]} Nb6 {[%clk 00:23:46]} {[%emt
00:04:57]} 16. Bc7 {[%clk 00:52:59]} {[%emt 00:03:09]} Na4 {[%clk 00:18:25]}
{[%emt 00:05:51]} 17. Bxa5 {[%clk 00:52:04]} {[%emt 00:01:25]} Nxb2 {[%clk
00:18:47]} {[%emt 00:00:09]} 18. Nd2 {[%clk 00:45:13]} {[%emt 00:07:20]} Nxd2
{[%clk 00:14:22]} {[%emt 00:04:55]} 19. Kxd2 {[%clk 00:45:32]} {[%emt
00:00:11]} b6 {[%clk 00:13:53]} {[%emt 00:00:59]} 20. Bb4 {[%clk 00:45:25]}
{[%emt 00:00:37]} Kd7 {[%clk 00:12:40]} {[%emt 00:01:43]} 21. a4 {[%clk
00:45:30]} {[%emt 00:00:26]} Nxa4 {[%clk 00:12:48]} {[%emt 00:00:22]} 22. e4
{[%clk 00:44:55]} {[%emt 00:01:05]} Bb7 {[%clk 00:12:29]} {[%emt 00:00:49]} 23.
exd5 {[%clk 00:44:20]} {[%emt 00:01:05]} Bxd5 {[%clk 00:12:50]} {[%emt
00:00:09]} 24. Ra1 {[%clk 00:40:07]} {[%emt 00:04:44]} b5 {[%clk 00:12:45]}
{[%emt 00:00:35]} 25. f3 {[%clk 00:37:46]} {[%emt 00:02:50]} Rhe8 {[%clk
00:11:24]} {[%emt 00:01:43]} 26. Be2 {[%clk 00:36:57]} {[%emt 00:01:26]} a5
{[%clk 00:09:21]} {[%emt 00:02:34]} 27. Ba3 {[%clk 00:35:37]} {[%emt 00:01:51]}
Rab8 {[%clk 00:09:03]} {[%emt 00:00:47]} 28. Bd1 {[%clk 00:35:10]} {[%emt
00:00:57]} Nxc3 {[%clk 00:04:45]} {[%emt 00:04:48]} 29. Kxc3 {[%clk 00:34:35]}
{[%emt 00:01:05]} b4+ {[%clk 00:05:07]} {[%emt 00:00:09]} 30. Kd2 {[%clk
00:30:37]} {[%emt 00:04:28]} bxa3 {[%clk 00:04:32]} {[%emt 00:01:05]} 31. Ba4+
{[%clk 00:30:10]} {[%emt 00:00:57]} Bc6 {[%clk 00:04:37]} {[%emt 00:00:24]} 32.
Bxc6+ {[%clk 00:29:58]} {[%emt 00:00:43]} Kxc6 {[%clk 00:05:02]} {[%emt
00:00:05]} 33. Rxa3 {[%clk 00:27:50]} {[%emt 00:02:38]} Kd5 {[%clk 00:03:29]}
{[%emt 00:02:02]} 34. Rxa5+ {[%clk 00:27:19]} {[%emt 00:01:02]} Kxd4 {[%clk
00:03:51]} {[%emt 00:00:08]} 35. Kc1 {[%clk 00:26:06]} {[%emt 00:01:43]} Re2
{[%clk 00:01:49]} {[%emt 00:02:31]} 36. Ra6 {[%clk 00:11:40]} {[%emt 00:14:57]}
Reb2 {[%clk 00:01:15]} {[%emt 00:01:04]} 37. Ra1 {[%clk 00:11:14]} {[%emt
00:00:57]} c3 {[%clk 00:01:10]} {[%emt 00:00:34]} 38. Ra4+ {[%clk 00:09:05]}
{[%emt 00:02:39]} Kd3 {[%clk 00:00:58]} {[%emt 00:00:41]} 39. Rd1+ {[%clk
00:09:07]} {[%emt 00:00:28]} Rd2 {[%clk 00:01:12]} {[%emt 00:00:16]} 40. Ra1
{[%clk 00:07:25]} {[%emt 00:02:12]} Rxd1+ {[%clk 00:01:02]} {[%emt 00:00:39]}
41. Kxd1 {[%clk 00:07:52]} {[%emt 00:00:05]} c2+ {[%clk 00:01:26]} {[%emt
00:00:06]} 42. Kc1 {[%clk 00:08:12]} {[%emt 00:00:10]} Rb1+ {[%clk 00:01:50]}
{[%emt 00:00:06]} 43. Rxb1 {[%clk 00:08:36]} {[%emt 00:00:06]} cxb1=Q+ {[%emt
00:00:07]} 44. Kxb1 {[%clk 00:08:58]} {[%emt 00:00:06]} Ke2 {[%clk 00:02:34]}
{[%emt 00:00:10]} 45. Kc2 {[%clk 00:09:10]} {[%emt 00:00:18]} Kf2 {[%clk
00:02:53]} {[%emt 00:00:11]} 46. g4 {[%clk 00:09:31]} {[%emt 00:00:09]} hxg4
{[%clk 00:03:15]} {[%emt 00:00:08]} 47. fxg4 {[%clk 00:09:47]} {[%emt
00:00:14]} Kg3 {[%clk 00:03:39]} {[%emt 00:00:06]} 48. Kd3 {[%clk 00:10:14]}
{[%emt 00:00:04]} Kxh3 {[%clk 00:04:02]} {[%emt 00:00:07]} 49. Ke3 {[%clk
00:10:39]} {[%emt 00:00:04]} Kxg4 {[%clk 00:04:25]} {[%emt 00:00:07]} 50. Kf2
{[%clk 00:11:00]} {[%emt 00:00:09]} f5 {[%clk 00:04:47]} {[%emt 00:00:08]} 51.
Kg2 {[%clk 00:11:27]} {[%emt 00:00:03]} f4 {[%clk 00:04:57]} {[%emt 00:00:21]}
52. Kf2 {[%clk 00:11:51]} {[%emt 00:00:06]} Kh3 {[%clk 00:05:15]} {[%emt
00:00:12]} 53. Kg1 {[%clk 00:12:17]} {[%emt 00:00:04]} g4 {[%clk 00:05:35]}
{[%emt 00:00:10]} 54. Kh1 {[%clk 00:12:34]} {[%emt 00:00:12]} f3 {[%clk
00:05:53]} {[%emt 00:00:12]} 55. Kg1 {[%clk 00:12:58]} {[%emt 00:00:06]} g3
{[%clk 00:06:15]} {[%emt 00:00:08]} 56. Kh1 {[%clk 00:13:17]} {[%emt 00:00:11]}
g2+ {[%clk 00:06:32]} {[%emt 00:00:13]} 57. Kg1 {[%clk 00:13:37]} {[%emt
00:00:10]} f2+ {[%clk 00:06:57]} {[%emt 00:00:06]} 58. Kxf2 {[%clk 00:13:51]}
{[%emt 00:00:15]} Kh2 {[%clk 00:07:22]} {[%emt 00:00:05]} 0-1